People Named Junior (Jr.) by Picture - Statistics

General Stats
  • This quiz has been taken 571 times
  • The average score is 6 of 14
Answer Stats
Picture Hint Answer % Correct
civil rights leader Martin Luther King Jr.
98%
actor Robert Downey Jr.
78%
actor Cuba Gooding Jr.
63%
musician Sammy Davis Jr.
58%
publisher John F. Kennedy Jr.
53%
actor Freddie Prinze Jr.
45%
athlete Floyd Mayweather Jr.
39%
musician Harry Connick Jr.
35%
motor sports Dale Earnhardt Jr.
33%
Ghostbusters theme song Ray Parker Jr.
31%
son of country musician Hank Williams Jr.
27%
athlete Ken Griffey Jr.
26%
athlete Cal Ripken Jr.
25%
actor Ed Begley Jr.
23%
No matching quizzes found
Score Distribution
Percent of People with Each Score
Percentile by Number Answered
Your Score History
You have not taken this quiz